النباتات الطبية و استخداماتها في العلاج الآمن للأمراض البشرية / (رقم التسجيلة. 133756)

تفاصيل مارك
000 -LEADER
fixed length control field 00554nam a22001577a 4500
005 - DATE AND TIME OF LATEST TRANSACTION
control field 20251108175425.0
008 - FIXED-LENGTH DATA ELEMENTS--GENERAL INFORMATION
fixed length control field 250721s2015 xx 000 0 ara d
082 14 - DEWEY DECIMAL CLASSIFICATION NUMBER
Classification number م/633.88/ نعي
100 1# - MAIN ENTRY--PERSONAL NAME
Personal name النعيمي، جبار
245 10 - TITLE STATEMENT
Title النباتات الطبية و استخداماتها في العلاج الآمن للأمراض البشرية /
264 1# - PRODUCTION, PUBLICATION, DISTRIBUTION, MANUFACTURE, AND COPYRIGHT NOTICE
Place of production, publication, distribution, manufacture بغداد :
Name of producer, publisher, distributor, manufacturer شركة القدس للنشر و التوزيع،
Date of production, publication, distribution, manufacture, or copyright notice 2015.
300 ## - PHYSICAL DESCRIPTION
Extent 701ص.
650 17 - SUBJECT ADDED ENTRY--TOPICAL TERM
Topical term or geographic name as entry element النباتات الطبية
942 ## - ADDED ENTRY ELEMENTS (KOHA)
Source of classification or shelving scheme Dewey Decimal Classification
Koha item type مراجع
المقتنيات
حالة السحب حالة الفقدان مصدر التصنيف حالة التلف غير قابل للإعارة المكتبة الرئيسية المكتبة الحالية موقع الرف تاريخ التزويد الرقم المتسلسل Total Checkouts رقم الإستدعاء الباركود تاريخ آخر ظهور تاريخ الفاتورة نوع المادة (كوها)
    Dewey Decimal Classification   Not For Loan المكتبة المركزية المكتبة المركزية مراجع 28/07/2025 1618478   م/633.88/ نعي PLD00362494 28/07/2025 28/07/2025 مراجع
    Dewey Decimal Classification   Not For Loan مكتبة أبو علندا العامة مكتبة أبو علندا العامة مراجع 23/02/2016 1618479   م/633.88/ نعي PLD00375783 28/07/2025 23/02/2016 مراجع
    Dewey Decimal Classification   Not For Loan مكتبة الأميرة ايمان العامة مكتبة الأميرة ايمان العامة مراجع 23/02/2016 1618481   م/633.88/ نعي PLD00375786 28/07/2025 23/02/2016 مراجع
    Dewey Decimal Classification   Not For Loan مكتبة الحسن العامة مكتبة الحسن العامة مراجع 23/02/2016 1618482   م/633.88/ نعي PLD00375787 28/07/2025 23/02/2016 مراجع
    Dewey Decimal Classification   Not For Loan مكتبة وادي السير العامة مكتبة وادي السير العامة مراجع 23/02/2016 1618480   م/633.88/ نعي PLD00375785 28/07/2025 23/02/2016 مراجع
Implemented & Customized by: BBB with SCIT (Smart Chains for Information Technology)

Powered by Koha